000 01279nam0a2200313 4500
001 RU\NLR\bibl\1765685
005 20250616125533.0
010 _a978-5-407-00066-2
_96000
021 _aRU
_b2011-26937
_91914
035 _a(NLR Aleph) 001756482
090 _a1551436
_c1551436
100 _a20110503d2011 |||y0rusy50 ca
101 0 _arus
102 _aRU
105 _aa |||||||||
200 1 _a25 историй для преодоления детских комплексов
_eкнига для совместного чтения родителей и детей
_fР.К. Хазиева
210 _aСанкт-Петербург
_cЛитера
_d2011
215 _a62, [2] с.
_cил.
_d24
225 1 _aОх уж эти детки!
_eсекреты воспитания
606 1 _aДошкольники
_xВоспитание позитивного мышления
_92603198
_3RU\NLR\auth\661539756
606 1 _aШкольники
_xВоспитание позитивного мышления
_92188727
_3RU\NLR\auth\661315824
686 _aЧ491.352
700 1 _aХазиева
_bР. К.
_gРоза Кадимовна
_4070
801 0 _aRU
_bNLR
_c20110503
_gRCR
801 1 _aRU
_bNLR
_c20110503
942 _cBOOK
980 _aNB
980 _aNBR